Quicker Reading. (Record no. 2587)

MARC details
005 - DATE AND TIME OF LATEST TRANSACTION
control field 20250523154203.0
020 ## - INTERNATIONAL STANDARD BOOK NUMBER
International Standard Book Number 0-273-42680-X
082 ## - DEWEY DECIMAL CLASSIFICATION NUMBER
Classification number LECT 428 BAY
100 ## - MAIN ENTRY--PERSONAL NAME
Author name BAYLEY, H.
245 ## - TITLE STATEMENT
Title Quicker Reading.
260 ## - PUBLICATION, DISTRIBUTION, ETC.
Place of publication, distribution, etc. London,
Name of publisher, distributor, etc. Pitman,
Date of publication, distribution, etc. 1957.
300 ## - PHYSICAL DESCRIPTION
Extent iv, 252p.: ill.; tables.
Dimensions 21cm.
942 ## - ADDED ENTRY ELEMENTS (KOHA)
Source of classification or shelving scheme Dewey Decimal Classification
Koha item type Books
Holdings
Date last seen Total checkouts Full call number Barcode Cost, replacement price Price effective from Koha item type Lost status Source of classification or shelving scheme Damaged status Not for loan Withdrawn status Home library Current library Shelving location Date acquired Cost, normal purchase price
05/23/2025   LECT 428 BAY 0000009726 30000.00 05/23/2025 Books   Dewey Decimal Classification       College of Business Education Main Library College of Business Education Main Library General Collection 05/27/1985 10000.00